000 00318nam a2200121Ia 4500
005 20260328104254.0
008 260328s9999||||xx |||||||||||||| ||und||
100 _aCadavid, Juan Felipe
245 0 _aArquitectura y Sostenibilidad /
_cJuan Felipe Cadavid
260 _bArchitect
650 _aARQUITECTOS
942 _cBK
999 _c10365
_d10365